[Event "Satka Magnezit Group Cup"]
[Site "Satka"]
[Date "2024.09.02"]
[Round "6"]
[White "Loskutov, Oleg"]
[Black "Smirnov, Pavel"]
[Result "0-1"]
[WhiteElo "2288"]
[BlackElo "2483"]
[PlyCount "73"]
[EventDate "2024.08.28"]
[EventType "swiss"]
[EventRounds "9"]
[EventCountry "RUS"]
[SourceTitle "EXT 2025"]
[Source "ChessBase"]
[SourceDate "2024.10.14"]
[SourceVersion "1"]
[SourceVersionDate "2024.10.14"]
[SourceQuality "1"]

1. e4 e5 2. Nf3 Nc6 3. Bb5 a6 4. Ba4 Nf6 5. 0-0 Be7 6. Re1 b5 7. Bb3 0-0 8. a3 d6 9. c3 Na5 10. Ba2 c5 11. d4 Qc7 12. Nbd2 c4 13. Bb1 Re8 14. Bc2 Bf8 15. Nf1 g6 16. Ng3 Bg7 17. h3 Bb7 18. d5 Bc8 19. Nh2 Nb7 20. a4 Bd7 21. f4 exf4 22. Bxf4 bxa4 23. Nf3 Nc5 24. e5 Qb6 25. exf6 Nd3+ 26. Kh2 Nxe1 27. fxg7 Qf2 28. Nxe1 Qxf4 29. Bxa4 Bxa4 30. Rxa4 Re3 31. Nf3 Rb8 32. Ra2 Rbe8 33. b3 h5 34. Qd4 R8e4 35. Qb6 h4 36. Qd8+ Kxg7 37. Qxh4 0-1

[Event "Pavlodar op"]
[Site "Pavlodar"]
[Date "2014.12.07"]
[Round "7"]
[White "Loskutov, Oleg"]
[Black "Nukin, Ashat"]
[Result "1/2-1/2"]
[WhiteElo "2376"]
[BlackElo "2359"]
[PlyCount "114"]
[EventDate "2014.12.01"]
[EventType "swiss"]
[EventRounds "9"]
[EventCountry "KAZ"]
[SourceTitle "EXT 2016"]
[Source "ChessBase"]
[SourceDate "2015.10.08"]
[SourceVersion "1"]
[SourceVersionDate "2015.10.08"]
[SourceQuality "1"]

1. e4 e5 2. Nf3 Nc6 3. Bc4 Nf6 4. d3 Bc5 5. c3 d6 6. b4 Bb6 7. a4 a6 8. 0-0 h6 9. h3 0-0 10. Nbd2 Re8 11. Re1 Be6 12. Bxe6 Rxe6 13. Nc4 d5 14. Nxb6 cxb6 15. exd5 Nxd5 16. Bd2 b5 17. axb5 axb5 18. Rxa8 Qxa8 19. Qb3 Qd8 20. c4 Nc7 21. Be3 Qd7 22. Rd1 Rg6 23. Kh2 Qd6 24. Bc5 Qf6 25. cxb5 Nxb5 26. Qc4 Nbd4 27. Bxd4 Nxd4 28. Qc8+ Kh7 29. Qxb7 Qf4+ 30. Kh1 f5 31. Nxd4 Qxd4 32. Qf3 Rf6 33. b5 Qb2 34. Qd5 Qxf2 35. Qxe5 Qc2 36. Qe1 Rb6 37. d4 Rxb5 38. d5 Qe4 39. Qd2 Rb7 40. d6 Rd7 41. Re1 Rxd6 42. Qxd6 Qxe1+ 43. Kh2 Qe4 44. Kh1 f4 45. Qd1 Kg6 46. Qd6+ Kh5 47. Qd1+ Kg6 48. Qd6+ Kh7 49. Qd1 Qf5 50. Qf3 h5 51. Kh2 Kh6 52. Qc6+ Qf6 53. Qd5 g5 54. Qf3 Qd6 55. Kh1 Qe6 56. Kh2 Kg6 57. h4 g4 1/2-1/2

[Event "Barnaul Lepikhin Memorial"]
[Site "Barnaul"]
[Date "2014.07.29"]
[Round "9"]
[White "Loskutov, Oleg"]
[Black "Malezkey, Vladimir"]
[Result "1-0"]
[WhiteElo "2380"]
[BlackElo "2082"]
[PlyCount "67"]
[EventDate "2014.07.21"]
[EventType "swiss"]
[EventRounds "9"]
[EventCountry "RUS"]
[SourceTitle "CBM 161 Extra"]
[Source "ChessBase"]
[SourceDate "2014.08.29"]
[SourceVersion "1"]
[SourceVersionDate "2014.08.29"]
[SourceQuality "1"]

1. e4 e5 2. Nf3 Nc6 3. Bb5 a6 4. Ba4 Nf6 5. 0-0 Be7 6. Re1 b5 7. Bb3 0-0 8. a3 d6 9. c3 Nb8 10. d4 Nbd7 11. Nbd2 Bb7 12. Ba2 c5 13. b4 Qb6 14. bxc5 dxc5 15. dxe5 Ng4 16. Nc4 Qc7 17. Nd6 Ndxe5 18. Nxe5 Nxe5 19. Nxb7 Qxb7 20. Bd5 Nc6 21. e5 Rad8 22. Qf3 Rc8 23. e6 f6 24. Bf4 Qb6 25. Qh5 g6 26. Qh6 Rfd8 27. Rad1 Kh8 28. Be4 Bf8 29. Qh4 f5 30. Bxc6 Rxd1 31. Rxd1 Qxc6 32. Be5+ Bg7 33. Bxg7+ Kxg7 34. Rd7+ 1-0

[Event "Barnaul Lepikhin Memorial"]
[Site "Barnaul"]
[Date "2014.07.26"]
[Round "6"]
[White "Loskutov, Oleg"]
[Black "Sutorikhin, Jevgenij"]
[Result "1-0"]
[WhiteElo "2380"]
[BlackElo "2274"]
[PlyCount "85"]
[EventDate "2014.07.21"]
[EventType "swiss"]
[EventRounds "9"]
[EventCountry "RUS"]
[SourceTitle "CBM 161 Extra"]
[Source "ChessBase"]
[SourceDate "2014.08.29"]
[SourceVersion "1"]
[SourceVersionDate "2014.08.29"]
[SourceQuality "1"]

1. e4 d6 2. d4 Nf6 3. Nc3 e5 4. Nf3 Nbd7 5. Bc4 Be7 6. 0-0 0-0 7. Re1 c6 8. a4 a5 9. h3 exd4 10. Nxd4 Nc5 11. Ba2 Be6 12. Nxe6 fxe6 13. e5 Nd5 14. exd6 Bxd6 15. Ne4 Nxe4 16. Rxe4 Nc3 17. Rxe6 Nxd1 18. Rxd6+ Kh8 19. Rxd8 Raxd8 20. Bg5 Rd4 21. c3 Nxc3 22. bxc3 Rxa4 23. Kf1 b5 24. Bc1 b4 25. Bb2 Rb8 26. cxb4 c5 27. b5 c4 28. Bd4 Rd8 29. Be5 Rd5 30. f4 h6 31. Rb1 Rxa2 32. b6 Rdd2 33. f5 Rf2+ 34. Kg1 Rxg2+ 35. Kh1 c3 36. b7 Rgb2 37. b8Q+ Rxb8 38. Rxb8+ Kh7 39. Rb7 c2 40. Rxg7+ Kh8 41. Rc7+ Kg8 42. f6 Ra1+ 43. Bxa1 1-0

[Event "Pavlodar Tokkata"]
[Site "Pavlodar"]
[Date "2014.06.25"]
[Round "9"]
[White "Loskutov, Oleg"]
[Black "Urazayev, Arystanbek"]
[Result "1-0"]
[WhiteElo "2378"]
[BlackElo "2056"]
[PlyCount "67"]
[EventDate "2014.06.13"]
[EventType "tourn"]
[EventRounds "9"]
[EventCountry "KAZ"]
[EventCategory "1"]
[SourceTitle "EXT 2018"]
[Source "ChessBase"]
[SourceDate "2017.10.13"]
[SourceVersion "1"]
[SourceVersionDate "2017.10.13"]
[SourceQuality "1"]

1. e4 e5 2. Nf3 Nc6 3. Bb5 a6 4. Ba4 Nf6 5. 0-0 Be7 6. Re1 b5 7. Bb3 0-0 8. a3 Bb7 9. c3 d5 10. d3 dxe4 11. dxe4 Qxd1 12. Bxd1 Rfd8 13. Nbd2 Nd7 14. b4 Nb6 15. Bb3 Rd3 16. Bb2 Rad8 17. Nf1 Bf6 18. Bc2 R3d7 19. Ne3 Ne7 20. Ng4 Ng6 21. Nxf6+ gxf6 22. Bc1 Bc6 23. Bh6 Rd6 24. h4 Nh8 25. h5 f5 26. Be3 f6 27. exf5 Nf7 28. Bc5 R6d7 29. Nh2 Na4 30. Be3 Kg7 31. Ng4 h6 32. f4 Nxc3 33. fxe5 Rd2 34. exf6+ 1-0

[Event "Pavlodar Tokkata"]
[Site "Pavlodar"]
[Date "2014.06.24"]
[Round "8"]
[White "Egorov, Evgeni"]
[Black "Loskutov, Oleg"]
[Result "1/2-1/2"]
[WhiteElo "2366"]
[BlackElo "2378"]
[PlyCount "132"]
[EventDate "2014.06.13"]
[EventType "tourn"]
[EventRounds "9"]
[EventCountry "KAZ"]
[EventCategory "1"]
[SourceTitle "EXT 2018"]
[Source "ChessBase"]
[SourceDate "2017.10.13"]
[SourceVersion "1"]
[SourceVersionDate "2017.10.13"]
[SourceQuality "1"]

1. d4 Nf6 2. Nf3 g6 3. Nc3 d5 4. Bf4 Bg7 5. Nb5 Na6 6. e3 Nh5 7. Bg5 0-0 8. Be2 f6 9. Bh4 g5 10. Bg3 Nxg3 11. hxg3 e5 12. c4 c6 13. Nc3 e4 14. Nd2 Nc7 15. Qb3 Kh8 16. 0-0-0 b5 17. cxd5 cxd5 18. Kb1 Rb8 19. Rc1 Ba6 20. Qd1 Qd7 21. b4 Qd6 22. Nb3 Ne6 23. Nc5 Nxc5 24. dxc5 Qe7 25. Qxd5 f5 26. Qd6 Qxd6 27. cxd6 Rfd8 28. Rhd1 Bc8 29. g4 Bf8 30. gxf5 Rxd6 31. Rxd6 Bxd6 32. Rd1 Be5 33. Nxb5 a6 34. Rd8+ Kg7 35. Nd4 Rxb4+ 36. Kc2 Bb7 37. Rd7+ Kf6 38. a3 Rb6 39. g4 Bd6 40. Rxh7 Bd5 41. Rh6+ Ke5 42. Rg6 Bf7 43. Rh6 Bd5 44. f3 Rb7 45. f4+ gxf4 46. Rxd6 Kxd6 47. exf4 Kc5 48. Kc3 Rh7 49. Nc2 Rh2 50. Bxa6 Rf2 51. Ne3 Rxf4 52. Be2 Bc6 53. g5 Rf2 54. Bd1 Kd6 55. f6 Be8 56. a4 Bg6 57. a5 Ra2 58. Bb3 Ra1 59. Nc4+ Ke6 60. Kb2 Rh1 61. a6 Kf5 62. a7 Rh8 63. Nd6+ Kxg5 64. f7 e3 65. Kc3 Rd8 66. Bd5 Kf6 1/2-1/2

[Event "Pavlodar Tokkata"]
[Site "Pavlodar"]
[Date "2014.06.23"]
[Round "7"]
[White "Loskutov, Oleg"]
[Black "Bocharov, Ivan"]
[Result "1/2-1/2"]
[WhiteElo "2378"]
[BlackElo "2473"]
[PlyCount "127"]
[EventDate "2014.06.13"]
[EventType "tourn"]
[EventRounds "9"]
[EventCountry "KAZ"]
[EventCategory "1"]
[SourceTitle "EXT 2018"]
[Source "ChessBase"]
[SourceDate "2017.10.13"]
[SourceVersion "1"]
[SourceVersionDate "2017.10.13"]
[SourceQuality "1"]

1. e4 d5 2. exd5 Qxd5 3. Nc3 Qa5 4. d4 Nf6 5. Bd2 Qb6 6. Nf3 Bg4 7. h3 Bh5 8. Bc4 e6 9. g4 Bg6 10. Qe2 Na6 11. d5 Nc5 12. dxe6 0-0-0 13. 0-0-0 Nxe6 14. g5 Nd7 15. Nd5 Qc6 16. Be3 Be4 17. Bb3 Qa6 18. Bc4 Qc6 19. Bb3 Bd6 20. Rhg1 Nf4 21. Bxf4 Bxf4+ 22. Kb1 Rhe8 23. Nd4 Bxd5 24. Qg4 Qc5 25. Qxf4 Re4 26. Qf5 Rxd4 27. Bxd5 Kb8 28. Rxd4 Qxd4 29. c3 Qe5 30. Qxf7 Nc5 31. Rd1 a5 32. Bf3 Rxd1+ 33. Bxd1 Qxg5 34. Qg8+ Ka7 35. Qxh7 Qg1 36. Qc2 Ne4 37. f4 Nf2 38. Kc1 Nxh3 39. Qf5 Qe3+ 40. Kc2 Nxf4 41. Qxa5+ Kb8 42. Qf5 Qf2+ 43. Kb3 Qb6+ 44. Kc2 Qd6 45. Bf3 g5 46. Be4 Qe7 47. b4 c6 48. a4 Ne2 49. Bf3 Qe3 50. Qd3 Qxd3+ 51. Kxd3 Nf4+ 52. Ke4 Kc7 53. Kf5 Kd6 54. Kxg5 Nd5 55. b5 cxb5 56. axb5 b6 57. c4 Ne3 58. Be2 Kc5 59. Kf4 Kd4 60. c5 Nd5+ 61. Kf3 Kxc5 62. Bf1 Kd4 63. Ke2 Kc3 64. Ke1 1/2-1/2

[Event "Pavlodar Tokkata"]
[Site "Pavlodar"]
[Date "2014.06.19"]
[Round "3"]
[White "Makhnyov, Denis"]
[Black "Loskutov, Oleg"]
[Result "0-1"]
[WhiteElo "2213"]
[BlackElo "2378"]
[PlyCount "94"]
[EventDate "2014.06.13"]
[EventType "tourn"]
[EventRounds "9"]
[EventCountry "KAZ"]
[EventCategory "1"]
[SourceTitle "EXT 2018"]
[Source "ChessBase"]
[SourceDate "2017.10.13"]
[SourceVersion "1"]
[SourceVersionDate "2017.10.13"]
[SourceQuality "1"]

1. d4 Nf6 2. c4 g6 3. Nc3 Bg7 4. e4 d6 5. f3 0-0 6. Be3 e5 7. d5 Nh5 8. Qd2 f5 9. 0-0-0 Nd7 10. Bd3 Nc5 11. Nge2 Nxd3+ 12. Qxd3 Qe7 13. Kb1 Nf4 14. Nxf4 exf4 15. Bd4 fxe4 16. fxe4 Bg4 17. Rdf1 a6 18. Rf2 Be5 19. Rhf1 Rf7 20. h3 Bd7 21. Rc1 Re8 22. b4 Qf6 23. Bxe5 Qxe5 24. Rcf1 h5 25. Rd1 Ref8 26. Qd4 Qxd4 27. Rxd4 g5 28. Rd1 Re7 29. Kc2 g4 30. hxg4 hxg4 31. Rdf1 Ref7 32. Ne2 f3 33. gxf3 Rxf3 34. Rxf3 gxf3 35. Ng3 Bh3 36. Rf2 Kg7 37. Kd3 Kg6 38. Ke3 Bg2 39. Nf1 Kg5 40. Nd2 Kg4 41. a3 Kg3 42. Nb3 Rf4 43. Nd2 b6 44. a4 a5 45. bxa5 bxa5 46. Nf1+ Bxf1 47. Rxf1 f2 0-1

[Event "Pavlodar Nikitin Memorial"]
[Site "Pavlodar"]
[Date "2014.01.25"]
[Round "8"]
[White "Shabrin, Alexander"]
[Black "Loskutov, Oleg"]
[Result "1/2-1/2"]
[WhiteElo "2325"]
[BlackElo "2395"]
[PlyCount "43"]
[EventDate "2014.01.18"]
[EventType "tourn"]
[EventRounds "11"]
[EventCountry "KAZ"]
[EventCategory "4"]
[SourceTitle "EXT 2015"]
[Source "ChessBase"]
[SourceDate "2014.11.20"]
[SourceVersion "1"]
[SourceVersionDate "2014.11.20"]
[SourceQuality "1"]

1. d4 Nf6 2. c4 g6 3. d5 Bg7 4. Nc3 0-0 5. Bg5 d6 6. Qd2 e5 7. h4 Qe8 8. e4 Nh5 9. Nge2 f5 10. exf5 gxf5 11. Bh6 Bxh6 12. Qxh6 Qg6 13. Qxg6+ hxg6 14. 0-0-0 a5 15. Ng1 Na6 16. Nh3 Bd7 17. Ng5 Nc5 18. Be2 Nf4 19. g3 Nxe2+ 20. Nxe2 f4 21. gxf4 exf4 22. Rhg1 1/2-1/2

[Event "Pavlodar op"]
[Site "Pavlodar"]
[Date "2013.12.18"]
[Round "9"]
[White "Dusentegi, Tanat"]
[Black "Loskutov, Oleg"]
[Result "0-1"]
[WhiteElo "2201"]
[BlackElo "2393"]
[PlyCount "160"]
[EventDate "2013.12.10"]
[EventType "swiss"]
[EventRounds "10"]
[EventCountry "KAZ"]
[SourceTitle "CBM 158 Extra"]
[Source "ChessBase"]
[SourceDate "2014.02.28"]
[SourceVersion "1"]
[SourceVersionDate "2014.02.28"]
[SourceQuality "1"]

1. Nf3 Nf6 2. g3 g6 3. Bg2 Bg7 4. 0-0 0-0 5. d4 d6 6. Re1 Ne4 7. Nbd2 f5 8. c3 c6 9. a4 Kh8 10. Qb3 Nxd2 11. Bxd2 e5 12. dxe5 dxe5 13. Rad1 Qe8 14. Bg5 Nd7 15. Rd6 Nc5 16. Qb4 Ne6 17. Bc1 Qe7 18. Red1 e4 19. Ne1 Be5 20. R6d2 Qxb4 21. cxb4 a5 22. b5 Nc5 23. Rd8 Be6 24. Rxf8+ Rxf8 25. Bh6 Rc8 26. bxc6 bxc6 27. f3 Nxa4 28. fxe4 Nxb2 29. Ra1 Nc4 30. Ra4 Bd4+ 31. e3 Bc3 32. Nd3 fxe4 33. Nc5 Bd5 34. Nxe4 Bxe4 35. Bxe4 Nd6 36. Bf3 Bb4 37. Ra1 Nf7 38. Bg4 Re8 39. Bf4 g5 40. Bc7 Re7 41. Bb6 c5 42. Kf2 Kg8 43. Bxa5 Ne5 44. Be2 Rf7+ 45. Kg2 Ra7 46. Bxb4 Rxa1 47. Bxc5 Ra2 48. Kf1 Kf7 49. Bd4 Ke6 50. h3 Kf5 51. h4 h6 52. hxg5 hxg5 53. Bc3 Ke4 54. Bxe5 Kxe5 55. Bf3 Kd6 56. g4 Kc5 57. Be2 Kd5 58. Bd3 Rd2 59. Bf5 Kc4 60. Ke1 Kc3 61. Be4 Rh2 62. Bf5 Kb2 63. Be4 Kc1 64. Bf5 Rg2 65. Kf1 Rd2 66. Ke1 Rh2 67. e4 Rd2 68. e5 Rd5 69. e6 Re5+ 70. Kf2 Kd2 71. Kf3 Re2 72. Kg3 Ke1 73. Kf3 Re5 74. Kg3 Re3+ 75. Kg2 Ke2 76. Kg1 Kf3 77. Kf1 Kg3 78. e7 Rxe7 79. Bc8 Re4 80. Bf5 Rf4+ 0-1

[Event "Pavlodar op"]
[Site "Pavlodar"]
[Date "2013.12.11"]
[Round "3"]
[White "Solak, Dragan"]
[Black "Loskutov, Oleg"]
[Result "1-0"]
[WhiteElo "2618"]
[BlackElo "2393"]
[PlyCount "45"]
[EventDate "2013.12.10"]
[EventType "swiss"]
[EventRounds "10"]
[EventCountry "KAZ"]
[SourceTitle "CBM 158 Extra"]
[Source "ChessBase"]
[SourceDate "2014.02.28"]
[SourceVersion "1"]
[SourceVersionDate "2014.02.28"]
[SourceQuality "1"]

1. e4 c5 2. Nf3 d6 3. d4 cxd4 4. Nxd4 Nf6 5. Nc3 a6 6. Bg5 e6 7. f4 Nc6 8. Nxc6 bxc6 9. e5 h6 10. Bh4 g5 11. fxg5 Nd5 12. Ne4 Qb6 13. c3 dxe5 14. g6 fxg6 15. Bf2 Qxb2 16. Rb1 Qxa2 17. Bd3 Nf4 18. g3 Nxd3+ 19. Qxd3 c5 20. 0-0 Be7 21. Bxc5 Bxc5+ 22. Nxc5 Ke7 23. Rb7+ 1-0

[Event "Izmailov Memorial op 17th"]
[Site "Tomsk"]
[Date "2013.06.18"]
[Round "8"]
[White "Loskutov, Oleg"]
[Black "Sozin, Stepan"]
[Result "1-0"]
[WhiteElo "2383"]
[BlackElo "2225"]
[PlyCount "97"]
[EventDate "2013.06.11"]
[EventType "swiss"]
[EventRounds "9"]
[EventCountry "RUS"]
[SourceTitle "EXT 2014"]
[Source "ChessBase"]
[SourceDate "2013.11.20"]
[SourceVersion "1"]
[SourceVersionDate "2013.11.20"]
[SourceQuality "1"]

1. e4 c5 2. Nf3 d6 3. d4 cxd4 4. Nxd4 Nf6 5. Nc3 g6 6. Be3 Bg7 7. f3 0-0 8. Qd2 Nc6 9. Bc4 Bd7 10. 0-0-0 Rb8 11. Bb3 Na5 12. Bh6 Bxh6 13. Qxh6 b5 14. g4 b4 15. Nd5 Nxb3+ 16. Nxb3 Nxd5 17. exd5 Rb6 18. h4 e5 19. Nd2 f5 20. h5 g5 21. Nc4 fxg4 22. Nxb6 axb6 23. fxg4 Qf6 24. Qxf6 Rxf6 25. Rd3 Rf4 26. Rg1 h6 27. Rdg3 Kf7 28. Kd2 Rd4+ 29. Ke3 Ke7 30. c3 bxc3 31. bxc3 Rc4 32. Kd3 Bb5 33. Kc2 Ba4+ 34. Kd2 Bd7 35. Rb1 Bxg4 36. Rxb6 Bxh5 37. Rh3 Rh4 38. Rxh4 gxh4 39. Rb4 Bf3 40. Rxh4 Bxd5 41. a4 e4 42. Rxh6 Bc4 43. Ke3 d5 44. Kd4 Kd7 45. Rb6 Kc7 46. Rb4 Bd3 47. a5 Kc6 48. Rb6+ Kc7 49. Kxd5 1-0

[Event "Novokuznetsk Siberia-ch"]
[Site "Novokuznetsk"]
[Date "2013.03.24"]
[Round "4"]
[White "Loskutov, Oleg"]
[Black "Laptev, Evgeniy"]
[Result "1-0"]
[WhiteElo "2396"]
[BlackElo "2044"]
[PlyCount "47"]
[EventDate "2013.03.21"]
[EventType "swiss"]
[EventRounds "9"]
[EventCountry "RUS"]
[SourceTitle "CBM 153 Extra"]
[Source "ChessBase"]
[SourceDate "2013.04.22"]
[SourceVersion "1"]
[SourceVersionDate "2013.04.22"]
[SourceQuality "1"]

1. e4 e6 2. d4 d5 3. Nc3 Nf6 4. Bg5 Be7 5. e5 Nfd7 6. Bxe7 Qxe7 7. f4 0-0 8. Nf3 c5 9. Qd2 Nc6 10. dxc5 Qxc5 11. 0-0-0 f6 12. exf6 Nxf6 13. Bd3 Bd7 14. Rhe1 Rac8 15. Kb1 Nb4 16. Ne5 Bc6 17. Be2 Ne4 18. Nxe4 dxe4 19. Bc4 Bd5 20. Bxd5 exd5 21. a3 e3 22. Qxb4 Qxc2+ 23. Ka2 a5 24. Qd4 1-0

[Event "Pavlodar op"]
[Site "Pavlodar"]
[Date "2012.12.08"]
[Round "9"]
[White "Shanava, Konstantine"]
[Black "Loskutov, Oleg"]
[Result "1-0"]
[WhiteElo "2565"]
[BlackElo "2419"]
[PlyCount "87"]
[EventDate "2012.11.30"]
[EventType "swiss"]
[EventRounds "10"]
[EventCountry "KAZ"]
[SourceTitle "EXT 2014"]
[Source "ChessBase"]
[SourceDate "2013.11.20"]
[SourceVersion "1"]
[SourceVersionDate "2013.11.20"]
[SourceQuality "1"]

1. e4 c5 2. Nc3 d6 3. f4 g6 4. Nf3 Bg7 5. h3 Nc6 6. d3 Rb8 7. g4 h5 8. g5 e6 9. Bg2 Nge7 10. 0-0 b5 11. Nh4 b4 12. Ne2 Nd4 13. Ng3 Bd7 14. Bd2 Ba4 15. Rc1 Qc8 16. Kh1 Rb6 17. Be3 Nb5 18. Rb1 Nd4 19. Rf2 Bd7 20. Ra1 Ra6 21. Qc1 Ra4 22. Qf1 Nec6 23. f5 Be5 24. Ne2 exf5 25. exf5 Nxf5 26. Nxf5 Bxf5 27. Bf4 h4 28. Bxe5 dxe5 29. Ng1 Nd4 30. c3 bxc3 31. bxc3 Ne6 32. Rxf5 gxf5 33. Qxf5 Rg8 34. Nf3 Qc7 35. c4 Ra6 36. Qh7 Rg6 37. Qh8+ Ke7 38. Rf1 Nf4 39. Nxe5 Rxg5 40. Re1 Ne6 41. Qxh4 Rxa2 42. Bd5 f6 43. Nf3 Rgg2 44. Rxe6+ 1-0

[Event "Pavlodar op"]
[Site "Pavlodar"]
[Date "2012.12.01"]
[Round "2"]
[White "Loskutov, Oleg"]
[Black "Khanin, Semen"]
[Result "0-1"]
[WhiteElo "2419"]
[BlackElo "2181"]
[PlyCount "47"]
[EventDate "2012.11.30"]
[EventType "swiss"]
[EventRounds "10"]
[EventCountry "KAZ"]
[SourceTitle "EXT 2014"]
[Source "ChessBase"]
[SourceDate "2013.11.20"]
[SourceVersion "1"]
[SourceVersionDate "2013.11.20"]
[SourceQuality "1"]

1. e4 c5 2. Nf3 e6 3. d4 cxd4 4. Nxd4 Nc6 5. Nc3 Qc7 6. Be3 a6 7. Bd3 Nf6 8. 0-0 b5 9. Qe2 Bb7 10. a3 Be7 11. Kh1 0-0 12. f4 d6 13. Qf3 Rfe8 14. Qh3 Nxd4 15. Bxd4 e5 16. Be3 Qd7 17. f5 Rac8 18. Rad1 Rxc3 19. bxc3 Nxe4 20. c4 Nc3 21. Rde1 Bf6 22. cxb5 axb5 23. Bd2 Qc6 24. Re3 0-1

[Event "Nezhmetdinov Memorial 34th"]
[Site "Kazan"]
[Date "2012.10.04"]
[Round "9"]
[White "Onyshchuk, Volodymyr"]
[Black "Loskutov, Oleg"]
[Result "1-0"]
[WhiteElo "2547"]
[BlackElo "2422"]
[PlyCount "57"]
[EventDate "2012.09.25"]
[EventType "swiss"]
[EventRounds "9"]
[EventCountry "RUS"]
[SourceTitle "CBM 150 Extra"]
[Source "ChessBase"]
[SourceDate "2012.10.19"]
[SourceVersion "1"]
[SourceVersionDate "2012.10.19"]
[SourceQuality "1"]

1. g3 Nf6 2. Bg2 g6 3. e4 d6 4. d4 Bg7 5. Nc3 0-0 6. Nge2 Nbd7 7. 0-0 c5 8. h3 Rb8 9. Bg5 b5 10. dxc5 dxc5 11. a3 Qc7 12. Qc1 a6 13. Nd5 Nxd5 14. exd5 Ne5 15. Bf4 e6 16. dxe6 Bxe6 17. Re1 Rfe8 18. Nc3 b4 19. Ne4 b3 20. cxb3 Rbc8 21. Qc3 Bf5 22. Rad1 Qb6 23. Nd6 Nd3 24. Rxe8+ Rxe8 25. Qc4 Rf8 26. Rxd3 Bxd3 27. Qxd3 Rd8 28. Bd5 g5 29. Nxf7 1-0

[Event "Nezhmetdinov Memorial 34th"]
[Site "Kazan"]
[Date "2012.10.02"]
[Round "7.11"]
[White "Ponfilenok, Vladimir"]
[Black "Loskutov, Oleg"]
[Result "0-1"]
[WhiteElo "2392"]
[BlackElo "2422"]
[PlyCount "72"]
[EventDate "2012.09.25"]
[EventType "swiss"]
[EventRounds "9"]
[EventCountry "RUS"]
[SourceTitle "EXT 2022"]
[Source "ChessBase"]
[SourceDate "2021.10.06"]
[SourceVersion "1"]
[SourceVersionDate "2021.10.06"]
[SourceQuality "1"]

1. d4 Nf6 2. Nf3 g6 3. g3 Bg7 4. Bg2 0-0 5. 0-0 d6 6. c4 Nc6 7. Nc3 a6 8. d5 Na5 9. Nd2 c5 10. Qc2 Rb8 11. b3 b5 12. Bb2 e5 13. e4 h5 14. f4 Ng4 15. Nd1 bxc4 16. h3 Nh6 17. Nxc4 Nxc4 18. Qxc4 Bd7 19. Qc1 f5 20. fxe5 dxe5 21. Qxc5 Qg5 22. Rc1 Rbc8 23. Qe3 f4 24. Qd3 Bb5 25. Rc4 fxg3 26. Qe3 Qxe3+ 27. Nxe3 Bxc4 28. Nxc4 Rxf1+ 29. Bxf1 Nf7 30. h4 g5 31. Be2 gxh4 32. Bxh5 Ng5 33. Bg4 h3 34. Bc1 h2+ 35. Kg2 Rf8 36. Bxg5 Rf1 0-1